Préfectures et sous-préfectures de Normandie - Statistiques

Statistiques générales
  • Ce quiz a été pris 644 fois
  • Le résultat moyen est 11 sur 17
Statistiques - réponses
Réponse % Correct
Caen
97%
Rouen
96%
Le Havre
90%
Évreux
88%
Alençon
87%
Saint-Lô
87%
Bayeux
69%
Dieppe
69%
Lisieux
63%
Cherbourg-en-Cotentin
62%
Avranches
58%
Coutances
48%
Argentan
39%
Vire Normandie
34%
Bernay
33%
Les Andelys
33%
Mortagne-au-Perche
24%
Aucun quiz correspondant
Distribution des résultats
% des personnes avec chaque résultat
Percentile par nombre de réponses
Votre historique - résultats
Vous n’avez pas pris ce quiz